000 00637nam a2200241 a 4500
003 AR-BaBNM
005 20251128204654.0
008 082120s2002 ||||||||||||||000 | spa||
020 _a950-843-072-9
040 _cAR-BaBNM
100 1 _aTudisco, Liliana Mirta
245 0 0 _aUna visita alada
_bnovela para niños
260 _aBuenos Aires
_bVinciguerra
_c1994
300 _a89 p.
_bil.
650 4 _aLIBROS PARA NIÑOS
650 4 _aLITERATURA INFANTIL
653 _aCUENTO MARAVILLOSO
653 _aLITERATURA FANTASTICA
655 _aLITERATURA
700 1 _aVilla, Rita Inés
_eilustrador
942 _cBK
998 _cMARTIN
999 _c8338
_d8338